|
|
|
|
| LEADER |
00000nta a2200000 i 4500 |
| 001 |
dolg2649 |
| 005 |
20160310133904.0 |
| 008 |
150511suuuu hu om 000 hun d |
| 040 |
|
|
|a BGE Dolgozattár Repozitórium
|b hun
|
| 041 |
|
|
|a hu
|
| 100 |
1 |
|
|a Dalányi Luca
|
| 245 |
1 |
3 |
|a Az Y és Z generáció kultúrával való kapcsolata, fogyasztási szokásai
|c Dalányi Luca
|h [elektronikus dokumentum]
|
| 246 |
1 |
1 |
|a Az Y és Z generáció kultúrával való kapcsolata, fogyasztási szokásai
|
| 246 |
1 |
1 |
|a -
|
| 695 |
|
|
|a y és z generáció
|
| 695 |
|
|
|a Kultúra
|
| 700 |
1 |
|
|a Thuma Dr. Orsolya
|e ths
|
| 856 |
4 |
0 |
|u http://dolgozattar.uni-bge.hu/2649/1/Dal%C3%A1nyi%20Luca%20-%20Az%20Y%20%C3%A9s%20Z%20gener%C3%A1ci%C3%B3%20kult%C3%BA%C3%A1val%20val%C3%B3%20kapcsolata%20-%20szakdolgozat.pdf
|z Dokumentum-elérés
|